000 01168cam a2200145 4500500
005 20260405022050.0
041 _afre
042 _adc
100 1 0 _aSénac, Philippe
_eauthor
700 1 0 _aCressier, Patrice
_eauthor
245 0 0 _aHistoire du Maghreb médiéval : VIIe-XIe siècle
260 _bArmand Colin,
_c2012.
520 _aEntre l’Antiquité romaine et l’époque moderne, les siècles qui virent se développer l’islamisation, le califat fatimide et les empires berbères sont mal connus. Cette synthèse inédite offre un outil complet et pédagogique pour découvrir le Maghreb médiéval : des présentations événementielles, des textes et des documents iconographiques traitent tous les aspects, politiques, économiques, sociétaux et culturels de ces régions. Une chronologie, une liste des principaux auteurs médiévaux et une bibliographie complètent l'ensemble. Philippe Sénac est Professeur à l’université de Paris IV-Sorbonne. Patrice Cressier est chargé de recherche au CNRS (CIHAM-UMR 5648, Lyon).
856 4 1 _uhttps://shs.cairn.info/histoire-du-maghreb-medieval--9782200276164?lang=fr&redirect-ssocas=7080
999 _c2129282
_d2129282